000 00653nam a2200229 4500
001 35656
003 BD-RjUL
005 20211209052346.0
008 140528s2013 bg |||| |||| 001 0 eng d
035 _a(BD-RjUL)35751
040 _aBD-RjUL
_beng
_cBD-RjUL
041 _aeng
082 0 4 _a820.38261
_bCHE 2013
100 1 _aChowdhury, Panna Lal.
_9108565
245 _aEssentials of english literature /
_cPanna Lal Chowdhury.
_nVolume 1 :
_pReligion
250 _a2nd ed.
260 _aDhaka :
_bJatiya Sahitya,
_cc2013.
300 _a269 p. ;
_c22 cm.
504 _aIncludes index.
650 0 _aLiterature
_xChristianity.
_9108566
942 _2ddc
_cBK
999 _c35656
_d35656